Advanced swing trading : strategies to predict, identify, and trade future market swings
Real trading strategies for making a killing in today's volatile markets
Tallennettuna:
| Päätekijä: | |
|---|---|
| Aineistotyyppi: | Kirja |
| Kieli: | Undetermined |
| Julkaistu: |
Hoboken, N.J.
Wiley
2003
|
| Aiheet: | |
| Tagit: |
Lisää tagi
Ei tageja, Lisää ensimmäinen tagi!
|
| Thư viện lưu trữ: | Trung tâm Học liệu Trường Đại học Cần Thơ |
|---|
| LEADER | 00778nam a2200217Ia 4500 | ||
|---|---|---|---|
| 001 | CTU_165990 | ||
| 008 | 210402s9999 xx 000 0 und d | ||
| 020 | |c 85 | ||
| 082 | |a 332.645 | ||
| 082 | |b C891 | ||
| 100 | |a Crane, John | ||
| 245 | 0 | |a Advanced swing trading : | |
| 245 | 0 | |b strategies to predict, identify, and trade future market swings | |
| 245 | 0 | |c John Crane | |
| 260 | |a Hoboken, N.J. | ||
| 260 | |b Wiley | ||
| 260 | |c 2003 | ||
| 520 | |a Real trading strategies for making a killing in today's volatile markets | ||
| 650 | |a Investment analysis,Portfolio management,Stocks,Phân tích đầu tư,Quản lý danh mục đầu tư,Thị trường chứng khoán | ||
| 910 | |a Nguyên | ||
| 980 | |a Trung tâm Học liệu Trường Đại học Cần Thơ | ||